| 000 | 00844nac a22002897a 4500 | ||
|---|---|---|---|
| 001 | BR6007662 | ||
| 003 | BR-BrBNA | ||
| 005 | 20240105121919.0 | ||
| 008 | 230509b bl.|||m| |||| 00| 0 por d | ||
| 040 |
_aBR-BrBNA _bpor _cBiblioteca Nacional de Agricultura |
||
| 072 | _aK10 | ||
| 090 | _aK10 BR6007662 | ||
| 100 | 1 | _aPereira, A.P. | |
| 100 | 1 | _aPedroso, L.M. | |
| 110 | 1 |
_aSuperintendencia do Desenvolvimento da Amazonia, Belem, PA (Brasil). Depto. de Recursos Naturais _910055 |
|
| 245 | 1 | _aExperimentos de silvicultura tropical | |
| 260 | 3 |
_aBelem, PA (Brasil): _c1972. |
|
| 300 | _a79 p. | ||
| 650 | _aSilvicultura | ||
| 650 | _aFloresta | ||
| 650 | _aArvore Florestal | ||
| 650 | _aFloracao | ||
| 650 | _aFrutificacao | ||
| 650 | _aDesfolha | ||
| 909 |
_a202312 _bLúcia Elande _c55 _dLúcia Elande |
||
| 942 |
_2AGRIS _n0 _cMS |
||
| 999 |
_c288188 _d288188 |
||